Indian youth : (Record no. 125976)
[ view plain ]
| 000 -LEADER | |
|---|---|
| fixed length control field | 00746nam a22002417a 4500 |
| 005 - DATE AND TIME OF LATEST TRANSACTION | |
| control field | 20170124110003.0 |
| 010 ## - LIBRARY OF CONGRESS CONTROL NUMBER | |
| LC control number | A-727899 |
| 020 ## - INTERNATIONAL STANDARD BOOK NUMBER | |
| Terms of availability | 00.00 |
| International Standard Book Number | 8170246490 |
| 035 ## - SYSTEM CONTROL NUMBER | |
| System control number | A-727899 |
| 037 ## - SOURCE OF ACQUISITION | |
| Source of stock number/acquisition | Cen Lib/Ret |
| 040 ## - CATALOGING SOURCE | |
| Original cataloging agency | DPL |
| Language of cataloging | EN |
| 082 ## - DEWEY DECIMAL CLASSIFICATION NUMBER | |
| Classification number | 362.79 |
| Item number | IND |
| 245 ## - TITLE STATEMENT | |
| Title | Indian youth : |
| Statement of responsibility, etc | edited by Noor Mohammad [and] Abdul Matin |
| Remainder of title | problems and prospects / |
| 260 ## - PUBLICATION, DISTRIBUTION, ETC. (IMPRINT) | |
| Place of publication, distribution, etc | New Delhi |
| Name of publisher, distributor, etc | Ashish Publishing House |
| Date of publication, distribution, etc | 1995 |
| 270 ## - ADDRESS | |
| City | New Delhi |
| Address | 8/81, Punjabi Bagh |
| Postal code | 110026 |
| 300 ## - PHYSICAL DESCRIPTION | |
| Extent | xiv,229p. |
| Dimensions | 20cm(Hb) |
| 500 ## - GENERAL NOTE | |
| General note | Includes index |
| 650 ## - SUBJECT ADDED ENTRY--TOPICAL TERM | |
| Topical term or geographic name as entry element | Youth -- India -- Congresses. |
| 9 (RLIN) | 16170 |
| 650 ## - SUBJECT ADDED ENTRY--TOPICAL TERM | |
| Topical term or geographic name as entry element | Youth. |
| 9 (RLIN) | 16171 |
| 700 ## - ADDED ENTRY--PERSONAL NAME | |
| Personal name | Noor Mohammad |
| 9 (RLIN) | 16172 |
| 700 ## - ADDED ENTRY--PERSONAL NAME | |
| Personal name | Abdul Matin |
| 9 (RLIN) | 16173 |
| 942 ## - ADDED ENTRY ELEMENTS (KOHA) | |
| Source of classification or shelving scheme | Dewey Decimal Classification |
| Koha item type | English Books |
| Classification part | 362.79 |
| Call number suffix | IND |
| Withdrawn status | Lost status | Damaged status | Not for loan | Home library | Current library | Date acquired | Source of acquisition | Cost, normal purchase price | Total Checkouts | Full call number | Barcode | Date last seen | Copy number | Cost, replacement price | Price effective from | Koha item type | Public note |
|---|---|---|---|---|---|---|---|---|---|---|---|---|---|---|---|---|---|
| Written off | Central Library | Central Library | 24/06/2015 | Cen Lib/Ret | 0.00 | 362.79 IND | A-727899 | 24/06/2015 | 1 | 0.00 | 24/06/2015 | English Books | W/d List No.6843/12; dtd 4/7/2020 |
